000 00714nam a22002177a 4500
999 _c14363
_d14363
003 AR-CdUCM
008 190423b ||||| |||| 00| 0 spa d
040 _aMUNICIPALIDAD PROVINCIAL DEL CUSCO
_cBIBLIOTECA MUNICIPAL DEL CUSCO
082 _a869.56 /
_bB38 / 1965
100 _aBenavente, Vicente
_95107
245 _aCinco poemas para mañana :
_bMensaje cholo /
260 _aJuliaca :
_bCielo y tierra,
_c1965.
300 _a41 páginas ;
_c22 cm.
500 _aDedicatoria a Luis Nieto.
505 _aContenido : Calceta -- Calcetera -- La feria de chupeqhato ...
650 _aPoemas
_9929
650 _aMensaje cholo
_933108
650 _aSiglo XX
_98
942 _2ddc
_cLIBROS
945 _arah
_d23/04/2019